000 00773nam a2200253Ia 4500
003 OSt
005 20221005113930.0
006 a|||||r|||| 00| 0
007 ta
008 221004b |||||||| |||| 00| 0 ara d
020 _a9770905909 (pbk)
_c480
024 _a40660
037 _b235, 12/03/2009, Nadwi Publications
_cTextual
040 _aCRL
_cCRL
_bara
041 _2ara
_aara
082 _aX:326.73, 28P0
100 _aGray John Au.
_9625185
245 0 _aAl-fajar al-kazib auham al-rasmaliah al-almiah
260 _c2000
650 _aECONOMICS
700 _a Balba Ahmad Fawad Tr.
_9625186
942 _hX:326.73, 28P0
_cTEXL
_2cc
999 _c1029777
_d1029777